| 000 | 00435nam a22001697a 4500 | ||
|---|---|---|---|
| 003 | NUST - PNEC | ||
| 005 | 20170116180854.0 | ||
| 008 | 150827b xxu||||| |||| 00| 0 eng d | ||
| 020 | _a8121920973 | ||
| 040 | _cLIBRARY | ||
| 082 | _a621.3076 MEH | ||
| 100 |
_95923 _aV. K. Mehta |
||
| 245 |
_aObjective electrical technology _cMehta, V. K. |
||
| 260 | _cc.2002 | ||
| 650 |
_95922 _aElectrical engineering _xEE, EL |
||
| 942 |
_2ddc _cBK |
||
| 999 |
_c64759 _d64759 |
||